000 00483nam a2200181Ia 4500
001 23186
005 20260414150921.0
008 260414t2018||||xx |||||||||||||| ||spa||
041 _aESP
082 _a625.725
_bO651
100 _aOña López, Juan de
_eAUT
245 0 _aProblemas de tráfico resueltos según el Highway Capacity Manual 2010 (HCM 2010)
_b
260 _c2018
300 _a242 páginas :
_c24 cm.
650 _a0
654 _aCIC
942 _cLIB
_dJUS
_fJUS
_2ddc
_n
999 _c23186
_d23186